Organization management in construction (Record no. 112171)
[ view plain ]
| 000 -LEADER | |
|---|---|
| fixed length control field | 01715cam a22002775a 4500 |
| 001 - CONTROL NUMBER | |
| control field | L152698 |
| 008 - FIXED-LENGTH DATA ELEMENTS--GENERAL INFORMATION | |
| fixed length control field | 110413s2011 xxk f 000 0 eng d |
| 020 ## - INTERNATIONAL STANDARD BOOK NUMBER | |
| International Standard Book Number | 9780203856109 |
| 035 ## - SYSTEM CONTROL NUMBER | |
| System control number | (Sirsi) u152698 |
| 041 0# - LANGUAGE CODE | |
| Language code of text/sound track or separate title | eng |
| 050 04 - LIBRARY OF CONGRESS CALL NUMBER | |
| Classification number | 624.068 |
| 245 00 - TITLE STATEMENT | |
| Title | Organization management in construction |
| Medium | [electronic resource] |
| 260 ## - PUBLICATION, DISTRIBUTION, ETC. | |
| Place of publication, distribution, etc. | London |
| Name of publisher, distributor, etc. | Spon (E&F) |
| Date of publication, distribution, etc. | 2011 |
| 300 ## - PHYSICAL DESCRIPTION | |
| Extent | eBook |
| 505 2# - FORMATTED CONTENTS NOTE | |
| Formatted contents note | 1 Introduction -- 2 Leading the modern construction organization -- 3 Knowledge management in global environments -- 4 A network and culture perspective on organization management -- 5 Strategic innovation in EPC -- 6 Human resource development: rhetoric, reality and opportunities -- 7 Globalization -- 8 Strategic issues in entering emerging markets -- 9 Project delivery and financing: conventional and alternative methods -- 10 Strategic safety management -- 11 Corporate social responsibility: a strategic and systematic solution to global poverty -- 12 Conclusion: Putting the issues in perspective |
| 520 ## - SUMMARY, ETC. | |
| Summary, etc. | This eBook provides a comprehensive overview of the key issues that organisation leaders must understand and address. It provides concise summaries by leading international authorities of the ten key strategic management issues, shows how they have emerged, and outlines their potential impact on the construction organization. |
| 590 ## - LOCAL NOTE (RLIN) | |
| Local note | KA NTK |
| 650 24 - SUBJECT ADDED ENTRY--TOPICAL TERM | |
| Topical term or geographic name entry element | EBOOK |
| 651 #4 - SUBJECT ADDED ENTRY--GEOGRAPHIC NAME | |
| Geographic name | ENGLAND AND WALES |
| 690 ## - LOCAL SUBJECT ADDED ENTRY--TOPICAL TERM (OCLC, RLIN) | |
| Topical term or geographic name as entry element | ORGANISATION AND MANAGEMENT OF CONSTRUCTION |
| 700 1# - ADDED ENTRY--PERSONAL NAME | |
| Personal name | Chinowsky, Paul S. |
| 700 1# - ADDED ENTRY--PERSONAL NAME | |
| Personal name | Songer, Anthony D. |
| 856 40 - ELECTRONIC LOCATION AND ACCESS | |
| Host name | Songer, Anthony D. |
| 856 40 - ELECTRONIC LOCATION AND ACCESS | |
| Uniform Resource Identifier | <a href="https://www.vlebooks.com/">https://www.vlebooks.com/</a> |
| Public note | View on VLEbooks. Logins for members only from [email protected] |
| 942 ## - ADDED ENTRY ELEMENTS (KOHA) | |
| Suppress in OPAC | 0 |
| Withdrawn status | Lost status | Source of classification or shelving scheme | Damaged status | Not for loan | Home library | Current library | Shelving location | Date acquired | Total Checkouts | Full call number | Barcode | Date last seen | Copy number | Price effective from | Koha item type |
|---|---|---|---|---|---|---|---|---|---|---|---|---|---|---|---|
| Dewey Decimal Classification | Virtual | Virtual | Online | 13/04/2011 | EBOOK | 152698-1001 | 06/08/2019 | 1 | 06/08/2019 | Book |